000 00415nam a2200157Ia 4500
008 240729s9999 xx 000 0 und d
022 _a1736-7557
245 0 _aEstonian Journal of Earth Sciences
260 _aEstonia
260 _bEstonian Academy Publishers
650 _a Geology
650 _aScience
856 _uhttps://doaj.org/toc/5d901ca732a745c7a18e708fa7fb5c16
942 _2ddc
942 _cDOAJEJ
999 _c73282
_d73282
945 _a1
_bMadushi Gamage
_c1
_dMadushi Gamage